000 00443 a2200169 4500
003 Nust
005 20170207165239.0
020 _a9780470998212 (inb.)
035 _a(BOKR)9780470998212
040 _cNust
100 1 _aFazel, Khaled
245 1 0 _aMulti-Carrier and Spread Spectrum Systems: From OFDM and MC-CDMA to LTE (E BOOK)
250 _a2. uppl.
260 _bJohn Wiley & Sons,
_c2008
300 _a360 s.
700 1 _aKaiser, Stefan
_4aut
942 _2ddc
_cBK
999 _c211146
_d211146